Slovensko v európskej dopravnej politike so zameraním na železničnú dopravu bakalárska práca

Uložené v:
Podrobná bibliografia
Hlavný autor: Okuliar, Filip
Korporativný autor: Fakulta podnikového manažmentu EU. Katedra manažmentu výroby a logistiky - zrušená
Ďalší autori: Boorová, Brigita, 1979-
Médium: Kniha
Jazyk:Slovak
Vydavateľské údaje: Bratislava 2015
Tagy: Pridať tag
Žiadne tagy, Buďte prvý, kto otaguje tento záznam!

MARC

LEADER 00000nbm a2200000 4500
001 0206467
005 20161212102646.3
041 0 |a slo 
044 |a SK 
245 1 0 |a Slovensko v európskej dopravnej politike so zameraním na železničnú dopravu  |b bakalárska práca  |c Filip Okuliar ; školiteľ: Brigita Boorová 
264 1 |a Bratislava  |c 2015 
300 |a 50 s. 
100 1 |a Okuliar, Filip 
700 1 |a Boorová, Brigita, 1979- 
710 2 |a Fakulta podnikového manažmentu EU. Katedra manažmentu výroby a logistiky - zrušená